000 00381nam a22001577a 4500
020 _a0-553-40601-9
082 _a823
_bBRY/S
100 _aBRYANT, BONNIE
245 _aTHE SADDLE CLUB
_bSTABLE MANNERS
246 _aTHE SADDLE CLUB
_bSTABLE MANNERS
260 _aYUSA
_bBANTAM SKYLARK BOOKS
_c1993
300 _a133
520 _aSHORT STORY
650 _aSHORT STORY
942 _cBK
999 _c1883
_d1883